Monografía sobre los refranes, adagios y proverbios castellanos y las obras o fragmentos que expresamente tratan de ellos en nuestra lengua / (Record no. 164868)

MARC details
000 -LEADER
campo de control de longitud fija 00945nam a2200217 i 4500
001 - NÚMERO DE CONTROL
campo de control 164868
003 - IDENTIFICADOR DE NÚMERO DE CONTROL
campo de control ES-MaACL
005 - FECHA Y HORA DE LA ÚLTIMA TRANSACCIÓN
campo de control 20230906213025.0
008 - DATOS DE LONGITUD FIJA--INFORMACIÓN GENERAL
campo de control de longitud fija 940301s1891 sp |||| | spa d
040 ## - FUENTE DE CATALOGACIÓN
Centro catalogador/agencia de origen AS
Lengua de catalogación spa
100 1# - ENTRADA PRINCIPAL--NOMBRE DE PERSONA
Nombre de persona Sbarbi y Osuna, José María.
9 (RLIN) 132521
245 10 - MENCIÓN DEL TÍTULO
Título Monografía sobre los refranes, adagios y proverbios castellanos y las obras o fragmentos que expresamente tratan de ellos en nuestra lengua /
Mención de responsabilidad, etc. obra escrita por José María Sbarbi.
260 ## - PUBLICACIÓN, DISTRIBUCIÓN, ETC.
Lugar de publicación, distribución, etc. Madrid :
Nombre del editor, distribuidor, etc. [s.n.],
Fecha de publicación, distribución, etc. 1891 (
Fabricante Imprenta y Litografía de los Huérfanos)
300 ## - DESCRIPCIÓN FÍSICA
Extensión 412 p. ;
Dimensiones 28 cm.
500 ## - NOTA GENERAL
Nota general Premiada por la Biblioteca Nacional en el concurso público de 1871 é impresa á expensas del estado.
597 ## - NOTA DE DESCRIPCIÓN FÍSICA
NOTA DE DESCRIPCIÓN FÍSICA Port. con esc. real.
597 ## - NOTA DE DESCRIPCIÓN FÍSICA
NOTA DE DESCRIPCIÓN FÍSICA Texto a dos col.
650 #4 - PUNTO DE ACCESO ADICIONAL DE MATERIA--TÉRMINO DE MATERIA
Término de materia o nombre geográfico como elemento de entrada Refranes y proverbios-
Subdivisión geográfica España.
9 (RLIN) 16726
650 ## - PUNTO DE ACCESO ADICIONAL DE MATERIA--TÉRMINO DE MATERIA
Término de materia o nombre geográfico como elemento de entrada Refranes y proverbios-
Subdivisión de forma Bibliografías.
9 (RLIN) 142330
852 ## - LOCALIZACIÓN
Ubicación ES-MaACL
Número de control de estantería B-3399
Nota libre -- Enc. pasta española
Holdings
Estatus retirado Estado de pérdida Estado de daño No para préstamo Colección Biblioteca de origen Biblioteca actual Ubicación en estantería Fecha de adquisición Fuente de adquisición Total de préstamos Signatura topográfica completa Código de barras Visto por última vez Precio de reemplazo Tipo de ítem Koha
        Libros del s. XIX Biblioteca del Ateneo de Madrid Biblioteca del Ateneo de Madrid Sala Pardo Bazán 17/01/2008     B-3399 1172830 23/02/2023 23/02/2023 Libro impreso antiguo